01013nam a22002417a 450000500170000001000260001702000260004303500140006903500140008303700090009708200110010610000310011724500480014825000060019626000540020227000880025630000200034470000620036494200220042699900190044895201500046795201540061720251029122621.0 aENG-143735 ENG-147011 c799.00a9788119798889 aEN-127267 aEN-130543 bDBAD a26021 aNeki, Jaswant Singh985563 aGurmat Psychology/ cby Jashwant Singh Neki a1 aNew Delhi bHar-Anand Publications Pvt Ltd c2024 bNew Delhi e110020aE-49/3, Okhla Industrial Area, Phase IIminfo@haranandbooks.com a216p.c21cm(pb) aDr. Rajinder Singh ,[ Stuti Malhotra ]eTranslator977463 2ddccENmNEKh260 c208972d208972 001040708NFICaLbLd2025-02-10eDelivery of Books Act Divisiong799.00l0oNEI 260pEN-127267r2025-02-10 00:00:00t1v799.00w2025-02-10yEN 001040708NFICaZLSbZLSd2025-10-29eDelivery of Books Act Divisiong799.00l0oNEK 260pEN-130543r2025-10-29 00:00:00t1v799.00w2025-10-29yEN